Refresher course for smallscale rubber goods manufacturer: lecture notes (Record no. 34328)

MARC details
000 -LEADER
fixed length control field 00498nam a2200181Ia 4500
082 ## - DEWEY DECIMAL CLASSIFICATION NUMBER
Classification number NR:678.021979
Item number RRI
245 #0 - TITLE STATEMENT
Title Refresher course for smallscale rubber goods manufacturer: lecture notes
260 ## - PUBLICATION, DISTRIBUTION, ETC. (IMPRINT)
Place of publication Kottayam
Name of publisher RRII
Year of publication 1979
650 ## - SUBJECT ADDED ENTRY--TOPICAL TERM
Topical Term Accelerators
650 ## - SUBJECT ADDED ENTRY--TOPICAL TERM
Topical Term Carbon black
650 ## - SUBJECT ADDED ENTRY--TOPICAL TERM
Topical Term Mastication
650 ## - SUBJECT ADDED ENTRY--TOPICAL TERM
Topical Term Moulded good
650 ## - SUBJECT ADDED ENTRY--TOPICAL TERM
Topical Term Rubber grading
650 ## - SUBJECT ADDED ENTRY--TOPICAL TERM
Topical Term Rubber testing
650 ## - SUBJECT ADDED ENTRY--TOPICAL TERM
Topical Term Synthetic rubber
942 ## - ADDED ENTRY ELEMENTS (KOHA)
Koha item type Books
Holdings
Withdrawn status Lost status Damaged status Not for loan Home library Current library Date acquired Full call number Accession Number Koha item type
        RRII Library RRII Library 16/12/2021 NR:678.021979 RRI 14767 Books